Piłkarski quiz transferowy 12! (Edycja PL) - Statystyki

Ogólne statystyki
  • Ten quiz został rozwiązany 44 razy
  • Średni wynik to 6 z 20
Statystyki odpowiedzi
Piłkarz Poprzedni klub w którym grał % Poprawnych
Alex Oxlade-Chamberlain Arsenal
76%
Youri Tielemans Monaco
57%
Luke Shaw Southampton
57%
Kelechi Iheanacho Manchester City
55%
Joel Matip Schalke
55%
Jordan Ayew Swansea
52%
Eric Bailly Villarreal
38%
Mohamed Elneny Basel
29%
Jonny Evans West Brom
26%
Sander Berge Genk
21%
Pablo Mari Flamengo
19%
Matej Vydra Derby
17%
Kasper Schmeichel Leeds
17%
Divock Origi Lille
14%
Patrick Van Aanholt Sunderland
12%
Chris Wood Leeds
10%
Ben Mee Manchester City
10%
Andros Townsend Newcastle
10%
Andre-Frank Zambo Anguissa OM
10%
John Egan Brentford
5%
Nie znaleziono quizów pasujących do podanych kryteriów
Rozkład punktacji
Procent ludzi z każdym wynikiem
Percentyl według liczby udzielonych odpowiedzi
Twoja historia wyników
Nie rozwiązałeś tego quizu